<?xml version="1.0" encoding="UTF-8"?><?xml-stylesheet type="text/xsl" href="static/style.xsl"?><OAI-PMH xmlns="http://www.openarchives.org/OAI/2.0/" xmlns:xsi="http://www.w3.org/2001/XMLSchema-instance" xsi:schemaLocation="http://www.openarchives.org/OAI/2.0/ http://www.openarchives.org/OAI/2.0/OAI-PMH.xsd"><responseDate>2026-04-17T04:14:44Z</responseDate><request verb="GetRecord" identifier="oai:www.recercat.cat:11351/10924" metadataPrefix="marc">https://recercat.cat/oai/request</request><GetRecord><record><header><identifier>oai:recercat.cat:11351/10924</identifier><datestamp>2025-12-19T20:47:29Z</datestamp><setSpec>com_2072_378068</setSpec><setSpec>com_2072_378040</setSpec><setSpec>col_2072_378090</setSpec></header><metadata><record xmlns="http://www.loc.gov/MARC21/slim" xmlns:dcterms="http://purl.org/dc/terms/" xmlns:xsi="http://www.w3.org/2001/XMLSchema-instance" xmlns:doc="http://www.lyncode.com/xoai" xsi:schemaLocation="http://www.loc.gov/MARC21/slim http://www.loc.gov/standards/marcxml/schema/MARC21slim.xsd">
   <leader>00925njm 22002777a 4500</leader>
   <datafield ind2=" " ind1=" " tag="042">
      <subfield code="a">dc</subfield>
   </datafield>
   <datafield ind2=" " ind1=" " tag="720">
      <subfield code="a">Santigosa-Ayala, Antoni</subfield>
      <subfield code="e">author</subfield>
   </datafield>
   <datafield ind2=" " ind1=" " tag="720">
      <subfield code="a">Pallejà, Meritxell</subfield>
      <subfield code="e">author</subfield>
   </datafield>
   <datafield ind2=" " ind1=" " tag="720">
      <subfield code="a">Villalobos, Felipe</subfield>
      <subfield code="e">author</subfield>
   </datafield>
   <datafield ind2=" " ind1=" " tag="720">
      <subfield code="a">SOLÀ, Rosa</subfield>
      <subfield code="e">author</subfield>
   </datafield>
   <datafield ind2=" " ind1=" " tag="720">
      <subfield code="a">Rey-Reñones, Cristina</subfield>
      <subfield code="e">author</subfield>
   </datafield>
   <datafield ind2=" " ind1=" " tag="720">
      <subfield code="a">Martín Luján, Francisco M</subfield>
      <subfield code="e">author</subfield>
   </datafield>
   <datafield ind2=" " ind1=" " tag="260">
      <subfield code="c">2024-01-29T10:25:37Z</subfield>
   </datafield>
   <datafield ind2=" " ind1=" " tag="260">
      <subfield code="c">2024-01-29T10:25:37Z</subfield>
   </datafield>
   <datafield ind2=" " ind1=" " tag="260">
      <subfield code="c">2023-12</subfield>
   </datafield>
   <datafield ind2=" " ind1=" " tag="520">
      <subfield code="a">Dejar de fumar; Salud pública; Intervenciones motivacionales; Espirometría; Atención primaria</subfield>
   </datafield>
   <datafield ind2=" " ind1=" " tag="520">
      <subfield code="a">Smoking cessation; Public health; Motivational interventions; Spirometry; Primary healthcare</subfield>
   </datafield>
   <datafield ind2=" " ind1=" " tag="520">
      <subfield code="a">Deixar de fumar; Salut pública; Intervencions motivacionals; Espirometria; Atenció primària</subfield>
   </datafield>
   <datafield ind2=" " ind1=" " tag="520">
      <subfield code="a">Background: The effectiveness of providing feedback on spirometry results for smoking cessation remains inconclusive according to the current evidence.&#xd;
&#xd;
Objectives: To assess the effectiveness of a motivational intervention based on spirometry results in achieving prolonged smoking abstinence (12 months post-intervention).&#xd;
&#xd;
Design and setting: A randomised, controlled, observer-blinded, multicentre clinical trial was conducted (from January 2012 to December 2015) in 20 primary healthcare centres in the Tarragona province, Spain.&#xd;
&#xd;
Methods: Participants, active smokers aged 35-70 without known respiratory disease, were recruited from primary healthcare centres by family doctors and nurses. They were randomly assigned to either the intervention group (IG = 308) or the control group (CG = 306). Both groups received brief smoking cessation counselling. Additionally, the IG underwent spirometry and received detailed information about the results, including lung age. The primary outcome was prolonged abstinence, defined as lasting at least 12 months and validated through cotinine measurement in urine.&#xd;
&#xd;
Results: The prolonged abstinence rate was 7.8% in the IG, compared to 2.6% in the CG (p = 0.004). At 12 months, in the multivariate analysis, the intervention was identified as an independent factor for smoking cessation (OR 2.8; 95%CI 1.2 to 7.7), a trend maintained throughout the follow-up (HR 2.74; 95%CI 1.13 to 6.62). Moreover, according to the Prochaska and DiClemente model, the preparation or action phase to quit was also associated with smoking cessation (HR 2.55, 95%CI 1.07 to 6.09).&#xd;
&#xd;
Conclusion: A primary care-delivered intervention involving brief counselling and detailed spirometry information proves effective in increasing abstinence rates among active smokers without known respiratory disease. Additionally, smoking cessation is also influenced by the individual's stage of change.</subfield>
   </datafield>
   <datafield tag="653" ind2=" " ind1=" ">
      <subfield code="a">Espirometria</subfield>
   </datafield>
   <datafield tag="653" ind2=" " ind1=" ">
      <subfield code="a">Tabaquisme - Tractament</subfield>
   </datafield>
   <datafield tag="653" ind2=" " ind1=" ">
      <subfield code="a">ANALYTICAL, DIAGNOSTIC AND THERAPEUTIC TECHNIQUES, AND EQUIPMENT::Diagnosis::Diagnostic Techniques and Procedures::Diagnostic Techniques, Respiratory System::Respiratory Function Tests::Spirometry</subfield>
   </datafield>
   <datafield tag="653" ind2=" " ind1=" ">
      <subfield code="a">PSYCHIATRY AND PSYCHOLOGY::Behavior and Behavior Mechanisms::Behavior::Health Behavior::Smoking Cessation</subfield>
   </datafield>
   <datafield tag="653" ind2=" " ind1=" ">
      <subfield code="a">TÉCNICAS Y EQUIPOS ANALÍTICOS, DIAGNÓSTICOS Y TERAPÉUTICOS::diagnóstico::técnicas y procedimientos diagnósticos::técnicas diagnósticas respiratorias::pruebas de función respiratoria::espirometría</subfield>
   </datafield>
   <datafield tag="653" ind2=" " ind1=" ">
      <subfield code="a">PSIQUIATRÍA Y PSICOLOGÍA::conducta y mecanismos de la conducta::conducta::conducta sanitaria::cese del hábito de fumar</subfield>
   </datafield>
   <datafield ind2="0" ind1="0" tag="245">
      <subfield code="a">Effectiveness of the spirometry-based motivational intervention to quit smoking: RESET randomised trial</subfield>
   </datafield>
</record></metadata></record></GetRecord></OAI-PMH>